الرقابة الخارجية لحماية المساهمين في شركات المساهمة / (Record no. 24400)
[ view plain ]
| 000 -الفاتح | |
|---|---|
| حقل البيانات ثابتة الطول | 00887nam a22002415a 4500 |
| 003 - محدد رقم الضبط | |
| رقم الضبط | OSt |
| 005 - وقت وتاريخ اخر تعامل مع التسجيلة | |
| رقم الضبط | 20170313105235.0 |
| 008 - عناصر البيانات ثابتة الطول - معلومات عامة | |
| حقل البيانات ثابتة الطول | 160922s2013 ua frb 000 0 ara d |
| 015 ## - | |
| -- | 2013 / 11617 |
| 020 ## - الرقم الدولى المعيارى للكتب | |
| الرقم الدولى المعيارى للكتاب | 9789770443344 |
| 040 ## - مصدر الفهرسة | |
| وكالة الفهرسة الأصلية | EG-ScBUE |
| لغة الفهرسة | ara |
| وكالة النسخ | EG-ScBUE |
| وكالة التعديل | EG-ScBUE |
| 043 ## - رمز المنطقة الجغرافية | |
| رمز المنطقة الجغرافية | f-ua--- |
| 082 04 - رقم تصنيف ديوى العشرى | |
| رقم التصنيف | 346.620668 |
| رقم المادة | ت و ك |
| رقم الطبعة | 22 |
| 100 1# - المدخل الرئيسى - إسم شخصى | |
| الإسم الشخصى | توكل، فادي محمد عماد الدين. |
| 245 12 - بيان العنوان | |
| العنوان | الرقابة الخارجية لحماية المساهمين في شركات المساهمة / |
| بيان المسئوليه,etc | فادي توكل. |
| 260 ## - PUBLICATION, DISTRIBUTION, ETC. (IMPRINT) | |
| مكان الناشر او الموزع | القاهرة : |
| اسم الناشر او الموزع | دار النهضه العربية، |
| تاريخ النشر أو التوزيع | 2013. |
| 300 ## - الوصف المادى | |
| التعداد | 330 ص. ؛ |
| أبعاد الوعاء | 24 سم. |
| 504 ## - تبصرة ببليوجرافية | |
| تبصرة ببليوجرافية,الخ | يشتمل على إرجاعات ببليوجرافية. |
| 650 #7 - المدخل الاضافى بالموضوع-مصطلح موضوعى | |
| مصدر الرأس أو المصطلح | BUEsh |
| مصطلح موضوعي أو اسم جغرافي كعنصر مدخل | الشركات المساهمة |
| التقسيم الفرعي العام | قوانين وتشريعات |
| التقسيم الفرعي الجغرافي | مصر. |
| 651 ## - المدخل الاضافى بالموضوع - اسم جغرافى | |
| مصدر الرأس أو المصطلح | BUEsh |
| 653 ## - مصطلح تكشيفى غير مقيد | |
| Resource For college | Law |
| Arrived date list | March2017 |
| 942 ## - عناصر المدخل الإضافي( كوها) | |
| مصدر التصنيف او مخطط الترفيف | Dewey Decimal Classification |
| حالة التراجع | حالة الفقد | مصدر التصنيف او خطة الترفيف | حالة تلف | ليس للاعارة | مجموعات كوها | المكان الدائم | المكان الحالي | موقع الترفيف | تاريخ الاكتساب | Source of acquisition | سعر الشراء الطبيعي | تعداد مسلسل / التسلسل الزمني | رقم الاستدعاء | الباركود | Date last seen | مُعار | التكلفة | نوع الوعاء |
|---|---|---|---|---|---|---|---|---|---|---|---|---|---|---|---|---|---|---|
| Dewey Decimal Classification | دار النهضة العربية | Central Library | Central Library | First floor | 13/03/2017 | Purchase | 100.00 | 2815 | 346.620668 ت و ك | 000045778 | 15/07/2025 | 22/10/2020 | 125.00 | Book - Borrowing | ||||
| Dewey Decimal Classification | دار النهضة العربية | Central Library | Central Library | First floor | 13/03/2017 | Purchase | 100.00 | 2815 | 346.620668 ت و ك | 000045779 | 15/07/2025 | 03/07/2021 | 125.00 | Book - Borrowing |